000 00741nam a2200229Ia 4500
003 OSt
005 20251218110816.0
008 220923b |||||||| |||| 00| 0 eng d
020 _a9780415555586
037 _cGeneral Book
040 _aRTL
_cRTL
_beng
041 _2eng
_aeng
084 _aY:3(S:45), Q1
_qRTL
245 0 _aRoutledge handbook of identity studies
260 _aLondon
_bRoutledge
_c2011
300 _axxiii, 407 p.
_bIncludes bibliographical references and index.
500 _aAppendix: p 616-621
650 _aSociology
_9857710
700 _aElliott Anthony
_eEditor
_9857711
942 _hY:3(S:45), Q1
_cGB
_2CC
_n0
999 _c580584
_d580584